Statistics for The Bible by Number

Click here to take the quiz!

General Stats

  • This quiz has been taken 77 times
  • The average score is 13 of 15

Answer Stats

HintNumber% Correct
Disciples/Apostles of Jesus12
100%
Days in the Creation story, including the Sabbath7
100%
Commandments dictated to Moses and inscribed on stone tablets10
97%
Times that Peter denied Jesus3
97%
Jesus' age when he was crucified (broadly accepted)33
97%
Days that Jesus was tempted in the wilderness40
97%
Tribes of Israel12
95%
Books named after women (Protestant)2
95%
Plagues of Egypt10
94%
'Canonical' Gospels4
92%
Horsemen of the Apocalypse4
88%
People fed by Jesus using five loaves and two fish5000
88%
Books in the New Testament27
83%
Chapters in the Book of Psalms (according to most Western churches)150
66%
Total number 'sealed' in Revelation, which Jehovah's Witnesses interpret literally144,000
45%

Score Distribution

Percentile by Number Answered

Percent of People with Each Score

Your Score History

You have not taken this quiz